| 000 | 01369cam a22002653a 4500 | ||
|---|---|---|---|
| 001 | 269 | ||
| 003 | PGUSA | ||
| 005 | 20140828082946.0 | ||
| 008 | 950501s1995||||xxu|||||s|||||000 1 eng d | ||
| 040 |
_aPGUSA _beng |
||
| 042 | _adc | ||
| 050 | 4 | _aPR | |
| 100 | 1 |
_aSaki, _d1870-1916 |
|
| 245 | 1 | 0 |
_aBeasts and Super-Beasts _h[electronic resource] / _cSaki |
| 260 |
_bProject Gutenberg, _c1995 |
||
| 505 | 0 | _aThe she-wolf -- Laura -- The boar-pig -- The Brogue -- The hen -- The open window -- The treasure-ship -- The cobweb -- The lull -- The unkindest blow -- The romancers -- The Schartz-Metterklume method -- The seventh pullet -- The blind spot -- Dusk -- A touch of realism -- Cousin Teresa -- The Yarkand manner -- The Byzantine omelette -- The Feast of Nemesis -- The dreamer -- The quince tree -- The forbidden buzzards -- The stake -- Clovis on parental responsibilities -- A holiday task -- The stalled ox -- The story-teller -- A defensive diamond -- The elk -- Down pens -- The name-day -- The lumber room -- Fur -- The philanthropist and the happy cat -- On approval. | |
| 506 | _aPublic domain in the USA. | ||
| 516 | _aElectronic text | ||
| 653 | _aSupernatural -- Fiction | ||
| 653 | _aShort stories, English | ||
| 653 | _aHumorous stories | ||
| 830 | 0 |
_aProject Gutenberg _v269 |
|
| 856 | 4 | 0 | _uhttp://www.gutenberg.org/ebooks/269 |
| 942 | _cEB | ||
| 999 |
_c229622 _d229622 |
||